| 000 | 00451nam a22001817a 4500 | ||
|---|---|---|---|
| 005 | 20180203114607.0 | ||
| 008 | 160614b xxu||||| |||| 00| 0 eng d | ||
| 020 | _a81-297-0082-0 | ||
| 041 | _aeng | ||
| 082 |
_b7453 _a004.21 |
||
| 100 |
_aHoffer, Jaffrey A & Others _94060 |
||
| 245 | _aMotern Systems Analysis and Design | ||
| 250 | _a4th ed. | ||
| 260 |
_aDelhi _bpearson education |
||
| 300 | _a583 | ||
| 650 |
_aManagement _9241 |
||
| 942 | _cBK | ||
| 999 |
_c2658 _d2657 |
||